Atatürk; : a biography of Mustafa Kemal, father of Modern Turkey / (Record no. 84388)
[ view plain ]
| 000 -LEADER | |
|---|---|
| fixed length control field | 00579cam a2200193u 4500 |
| 003 - CONTROL NUMBER IDENTIFIER | |
| rucl marc code | BD-RjUL |
| 005 - DATE AND TIME OF LATEST TRANSACTION | |
| control field | 20241130130825.0 |
| 008 - FIXED-LENGTH DATA ELEMENTS--GENERAL INFORMATION | |
| fixed length control field | 241201s1965 tu 000 0btur |
| 035 ## - SYSTEM CONTROL NUMBER | |
| System control number | (BD-RjUL) |
| 040 ## - CATALOGING SOURCE | |
| Original cataloging agency | DLC |
| Transcribing agency | CarP |
| Modifying agency | DLC |
| Language of cataloging | eng |
| 041 ## - LANGUAGE CODE | |
| Language code of text/sound track or separate title | eng |
| 082 ## - DEWEY DECIMAL CLASSIFICATION NUMBER | |
| Edition number | 23 |
| Classification number | 956.1092 |
| Author mark and year | KIA 1965 |
| 100 ## - MAIN ENTRY--PERSONAL NAME | |
| Personal name | Kinross, Lord |
| 9 (RLIN) | 14469 |
| 245 00 - TITLE STATEMENT | |
| Title | Atatürk; : a biography of Mustafa Kemal, father of Modern Turkey / |
| Statement of responsibility, etc. | Lord kinross |
| 260 ## - PUBLICATION, DISTRIBUTION, ETC. (IMPRINT) | |
| Place of publication, distribution, etc. | NewYork : |
| Name of publisher, distributor, etc. | Wiliiam Morrow, |
| Date of publication, distribution, etc. | 1965 |
| 300 ## - PHYSICAL DESCRIPTION | |
| Pagination | 615 p. ; |
| Illustrations | ill. ; |
| Size | 22 cm |
| 600 10 - SUBJECT ADDED ENTRY--PERSONAL NAME | |
| Personal name | Atatürk, Kemal, |
| Dates associated with a name | 1881-1938. |
| 942 ## - ADDED ENTRY ELEMENTS (KOHA) | |
| Source of classification or shelving scheme | Dewey Decimal Classification |
| Koha item type | Books |
| Lost status | Source of classification or shelving scheme | Damaged status | Not for loan | Collection code | Permanent Location | Current Location | Shelving location | Date acquired | Total Checkouts | Full call number | Date last seen | Copy number | Koha item type |
|---|---|---|---|---|---|---|---|---|---|---|---|---|---|
| Dewey Decimal Classification | Not For Loan | Non-fiction | Central Library, University of Rajshahi | Central Library, University of Rajshahi | Reading Room | 30/11/2024 | 956.1092 KIA 1965 | 30/11/2024 | C-1 | Books |